000 00688nam a2200229Ia 4500
005 20241129104255.0
008 241129s9999||||xx |||||||||||||| ||und||
020 _a9781032101798
037 _aTextual
040 _aRTL
_beng
_cRTL
041 _aeng
_2eng
084 _aYb4 R4
_qRTL
100 _aCrowder Jerome W.; Marion Jonathan S.
_9725552
245 0 _aVisual research: A concise introduction to thinking visually
_cCrowder Jerome W.; Marion Jonathan S.
250 _a2nd
260 _aNew York
_bRoutledge
_c2024
300 _axxi,205p.
365 _aINR
_bRs.3706.14
650 _aVisual Research
_9725553
942 _cTB
_hYb4 R4
999 _c1225172
_d1225172